Sanat: "Ikuinen vappu" - JVG - Statistics

Yleistilastot
  • Tätä visaa on pelattu 804 kertaa
    778 viimeisimmän päivityksen jälkeen
  • Keskiarvotulos 118 / 197
Vastaustilastot
Sanat % Oikein
Ja
97%
ja
97%
jatkuu
96%
jo
94%
pohjoiseen
94%
länteen,
93%
93%
en
92%
En
92%
Kuopiosta
92%
matka
91%
Joensuusta
90%
Ei
88%
duunii,
87%
Syvemmälle
85%
puita
84%
uuniin
84%
enää
83%
meen
83%
skutsiin
81%
vappu
75%
Ikuinen
74%
painan
73%
takapenkil
70%
on
61%
poika
58%
saa
56%
tuu
55%
loppua
52%
saamaan
52%
et
51%
Kaukana
49%
Loputonta
49%
baanaa,
47%
himasta,
47%
hidastaa
46%
tie
45%
koita
44%
stadin
43%
takas
42%
eksyny
41%
vuosii
41%
ne
40%
Reissutarinoita,
40%
tyhjii
40%
Haluun
39%
näit
39%
varikoita
39%
kai
38%
kärsin
38%
tarunhohtoiseen
38%
vauhtisokeudesta
38%
sanoo
37%
tääl
37%
Tääl
37%
alas,
34%
mesta,
34%
vaihtuu
34%
sakot
33%
tuopin
33%
ylinopeudesta
33%
ekan
32%
joku
32%
kaamoksesta,
32%
Paska
32%
Samal
32%
soi,
32%
Suomi
32%
haisee
31%
rakas
31%
Saisko
31%
vaa
31%
vessassa
31%
Aamuvapinoita,
30%
vaikeroi
30%
banjot
29%
Karkuun
29%
suorittaa
26%
tulee
26%
ootan
24%
pysäkil
24%
ratis
24%
uus
24%
lämpee,
23%
Moottori
23%
PMMP
23%
rupee
23%
vielki
23%
pöllön
21%
täält
21%
aina
20%
kuosittaa,
20%
silmää
20%
kysäsin
19%
muistuttaa
19%
nää
19%
onneks
19%
ysäril,
19%
meil
18%
rämmittävää,
17%
suuntaa
17%
eteen
16%
lämmittävää
16%
eksynyt
14%
Junaa,
14%
millää,
14%
laivaa,
13%
flygarii,
12%
Brunaa
11%
flindassa
9%
Ehtoja vastaavia visoja ei löytynyt
Tulosjakauma
Jokaisen tuloksen saaneiden osuus
Persentiili vastausten määrän mukaan
Tuloshistoriasi
Et ole pelannut tätä visaa sen viimeisimmän päivityksen jälkeen